000 00666nam a22001937a 4500
005 20150317140809.0
008 150317b nju||||| |||| 00| 0 eng d
020 _a0878916040
050 0 4 _aQA331.7
_bM55 1998
100 1 _aMilewski, Emil G.
245 1 0 _aThe complex variables problem solver : A complete solution guide to any textbook /
_cEmil G. Milewski.
250 _a1a ed.
260 _aPiscataway, New Jersey :
_bResearch and Education Association,
_c1998
300 _axiv, 913 p. :
_bil. ;
_c25cm.
490 _a(REA'S)
504 _aIncluye índice
650 7 _2Lemb
_aFunciones de variable compleja--Problemas, ejercicios, etc.
942 _2lcc
_cLIB
999 _c90075
_d90075